00354pab a2200121 454500008004000000100002200040245008300062260000900145300001500154362000800169650002600177773002900203180718b2011 xxu||||| |||| 00| 0 eng d aPhillips, Coretta aInstitutional racism and ethnic inequalities: An expanded multilevel framework c2011 ap.173-192. aJan aEthnic discrimination aJournal of Social Policy